书目信息 |
| 题名: |
旅游社会学
|
|
| 作者: | 沙普利 著 ;谢彦君 , 孙佼佼 , 郭英 译 | |
| 分册: | ||
| 出版信息: | 北京 商务印书馆 2016 |
|
| 页数: | 338页 | |
| 开本: | 23cm | |
| 丛书名: | 当代旅游研究译丛 | |
| 单 册: | ||
| 中图分类: | F590-05 | |
| 科图分类: | ||
| 主题词: | 旅游社会学--lv you she hui xue | |
| 电子资源: | ||
| ISBN: | 978-7-100-12423-2 | |
| 000 | 01092nam0 22003011 450 | |
| 001 | 1761145434 | |
| 005 | 20170619172041.0 | |
| 010 | @a978-7-100-12423-2@dCNY50.00 | |
| 100 | @a20170222d2016 em y0chiy50 ea | |
| 101 | 1 | @achi@ceng |
| 102 | @aCN@b110000 | |
| 105 | @ay z 000yy | |
| 106 | @ar | |
| 200 | 1 | @a旅游社会学@9lv you she hui xue@dTourism, tourists and society@f(英)理查德·沙普利著@g谢彦君,孙佼佼,郭英译@zeng |
| 210 | @a北京@c商务印书馆@d2016 | |
| 215 | @a338页@d23cm | |
| 225 | 2 | @a当代旅游研究译丛@9dang dai lv you yan jiu yi cong |
| 330 | @a本书从社会学的角度来看待旅游,探索了旅游和社会之间的相互影响,着重分析了旅游与人、与社会发展的关系。 | |
| 461 | 0 | @12001 @a当代旅游研究译丛 |
| 510 | 1 | @aTourism, tourists and society@zeng |
| 606 | 0 | @a旅游社会学@9lv you she hui xue |
| 690 | @aF590-05@v5 | |
| 701 | 0 | @c(英)@a沙普利@9sha pu li@c(Sharpley, Richard)@4著 |
| 702 | 0 | @a谢彦君@9xie yan jun@4译 |
| 702 | 0 | @a孙佼佼@9sun jiao jiao@4译 |
| 702 | 0 | @a郭英@9guo ying@c(管理学)@4译 |
| 801 | 0 | @aCN@b百万庄@c20170619 |
| 905 | @b1014915-20@dF590-05@e523@f6 | |
| 旅游社会学=Tourism, tourists and society/(英)理查德·沙普利著/谢彦君,孙佼佼,郭英译.-北京:商务印书馆,2016 |
| 338页;23cm.-(当代旅游研究译丛) |
| ISBN 978-7-100-12423-2:CNY50.00 |
| 本书从社会学的角度来看待旅游,探索了旅游和社会之间的相互影响,着重分析了旅游与人、与社会发展的关系。 |
| ● |
| 相关链接 |
|
|
|
|
正题名:旅游社会学
索取号:F590-05/523
 
预约/预借
| 序号 | 登录号 | 条形码 | 馆藏地/架位号 | 状态 | 备注 |
| 1 | 1014915 | 210149150 | 第一样本阅览室/ [索取号:F590-05/523] | 在馆 | |
| 2 | 1014916 | 210149169 | 教育系资料室/ [索取号:F590-05/523] | 在馆 | |
| 3 | 1014917 | 210149178 | 教育系资料室/ [索取号:F590-05/523] | 在馆 | |
| 4 | 1014918 | 210149187 | 教育系资料室/ [索取号:F590-05/523] | 在馆 | |
| 5 | 1014919 | 210149196 | 第一借阅区/ [索取号:F590-05/523] | 在馆 | |
| 6 | 1014920 | 210149203 | 第一借阅区/ [索取号:F590-05/523] | 在馆 |